Units in integral group rings
Saved in:
| Main Author: | |
|---|---|
| Format: | Book |
| Language: | English |
| Published: |
Burnt Mill, Harlow, Essex, England : New York :
Longman Scientific & Technical ; , John Wiley,
1993
|
| Series: | Pitman monographs and surveys in pure and applied mathematics ;
; 69 |
| Subjects: | |
| Tags: |
Add Tag
No Tags, Be the first to tag this record!
|
MARC
| LEADER | 00000nam a2200000 i 4500 | ||
|---|---|---|---|
| 001 | 1/75548 | ||
| 008 | 990520s1993 eng d | ||
| 020 | |a 0-582-23081-0 | ||
| 035 | |l 10049368 | ||
| 040 | |a GR-MY-UA |b gre |e aacr | ||
| 041 | 0 | |a eng | |
| 082 | 0 | |a 512.4 | |
| 100 | 1 | |a Sehgal, Sudarshan K. |d 1936- | |
| 245 | 1 | 0 | |a Units in integral group rings / |c Sudarshan K. Sehgal |
| 260 | |a Burnt Mill, Harlow, Essex, England : |a New York : |b Longman Scientific & Technical ; , |b John Wiley, |c 1993 | ||
| 300 | |a 357 p.; |b ill.; |c 25 cm. | ||
| 490 | 1 | |a Pitman monographs and surveys in pure and applied mathematics |v ; 69 | |
| 500 | |a Includes bibliographical references and index | ||
| 650 | 0 | 0 | |a Unit groups (Ring theory) |
| 650 | 0 | 0 | |a Associative rings. |
| 830 | 0 | |a Pitman monographs and surveys in pure and applied mathematics ; |v ; 69 | |
| 852 | |a INST |b SAMOS |e 19990520 |h 512.4 SEH |p 005300014631 |q 005300014631 |t BK |y 0 | ||
| 901 | |a BIBL3-1999-2 | ||
| 909 | |a Σ |b 063973 | ||
| 922 | |a 3ΕΛΗ |b 199901 |c ΚΠΣ |d GLORY | ||
| 950 | |a 116-1998-08-10 | ||